| 000 | 01348cam a2200301 4500 | ||
|---|---|---|---|
| 008 | 090401t1995 xxu||||| |||| 00| 0 eng d | ||
| 020 | _a1899769757 | ||
| 035 | _a(Sirsi) u56000 | ||
| 041 | _aeng | ||
| 050 | _a350.713 | ||
| 100 | _aPottinger, Gaye | ||
| 245 | _aWhat am I bid? Competitive tendering of property services by the public sector | ||
| 260 |
_aReading _bCollege of Estate Management _c1995 |
||
| 300 | _axvi,81p. ; 30cm. | ||
| 350 | _a35 | ||
| 520 | _aBased on interviews with property professionals and managers, the research aimed to collect information about the experiences of those involved in bidding for public sector consultancy contracts, to identify and analyse the main issues facing private sector firms, examine how cost and quality issues have been handled and the changing relationships between public sector clients and private sector firms and to assess the likely impact on the property consultancy market. | ||
| 650 | _aCCT | ||
| 650 | _aABOUT RICS-RICS MEMBERS | ||
| 650 | _aCOMPULSORY COMPETITIVE TENDERING | ||
| 650 | _aGOVERNMENT DEPARTMENTS | ||
| 650 | _aLOCAL AUTHORITIES | ||
| 650 | _aPROPERTY SERVICES | ||
| 650 | _aPUBLIC SECTOR | ||
| 690 | _aMANAGEMENT-BUSINESS MANAGEMENT-PROFESSIONAL PRACTICE | ||
| 710 |
_aCollege of Estate Management _9400 |
||
| 942 | _n0 | ||
| 948 | _c04/03/1997 | ||
| 999 |
_c93701 _d93701 |
||